International civil service : (Record no. 516116)

000 -LEADER
fixed length control field 00356nam a22001217a 4500
082 ## - DEWEY DECIMAL CLASSIFICATION NUMBER
Classification number TNC K12 G552
100 ## - MAIN ENTRY--PERSONAL NAME
Personal name Goel, S. L.
9 (RLIN) 22494
245 ## - TITLE STATEMENT
Title International civil service :
Remainder of title Principles, practice and prospects
Statement of responsibility, etc by S. L. Goel
260 ## - PUBLICATION, DISTRIBUTION, ETC. (IMPRINT)
Place of publication, distribution, etc New Delhi
Name of publisher, distributor, etc Sterling
Date of publication, distribution, etc 1984
300 ## - PHYSICAL DESCRIPTION
Extent 420p.
650 ## - SUBJECT ADDED ENTRY--TOPICAL TERM
Topical term or geographic name as entry element Civil Service
9 (RLIN) 24675
650 ## - SUBJECT ADDED ENTRY--TOPICAL TERM
Topical term or geographic name as entry element Bureaucracy
9 (RLIN) 24676
Holdings
Withdrawn status Lost status Source of classification or shelving scheme Damaged status Koha normalized classification for sorting Not for loan Permanent location Current location Date acquired Full call number Barcode Date last seen Price effective from Koha item type
        TNC_K12_G552   Indian Institute of Public Administration Indian Institute of Public Administration 2021-02-17 TNC K12 G552 GR22903 2021-02-17 2021-02-17 GR

Powered by Koha